000 00580nam a2200241 a 4500
001 nice12345678
003 IN_TiNIC
005 20260116011930.0
008 050524s1960 alia grp 000 0 urd
020 _a
_c0.75
082 0 0 _a891.41
_bANJ1
100 _aAnjuman Taraqqi-E-Urdu,
245 _aJigar Brailvi
260 _aAligarh
_bAnjuman Taraqqi-E-Urdu
_c1960
300 _a64p
500 _aincludes index and biblioraphy
505 2 _aNotes
650 _aUrdu-Poetry
700 1 _aAnjuman Taraqqi-E-Urdu,
902 _bSRS
942 _cBK
999 _c4950
_d4950